| 000 | 01117nam a2200289 i 4500 | ||
|---|---|---|---|
| 001 | 93374 | ||
| 003 | ES-MaACL | ||
| 005 | 20250624062851.0 | ||
| 007 | t| | ||
| 008 | 050524s1960 sp ||||1| spa d | ||
| 080 | _a730 Subirachs, Josep Maria (083.82) | ||
| 100 | 1 |
_aSubirachs, Josep Maria. _9108689 |
|
| 245 | 1 | 0 |
_aSubirachs _b: [exposición, Sala del Prado del Ateneo de Madrid, 18-31 de mayo de 1960] / _c[Texto: Juan Teixidor]. |
| 260 |
_aMadrid : _bEditora Nacional, _c[1960] |
||
| 300 |
_a[36] p. : _bprincipalmente il. n. ; _c21 cm. |
||
| 490 | 1 |
_aCuadernos de arte. Colección ordinaria ; _v65 |
|
| 600 | 1 | 4 |
_aSubirachs, Josep Maria- _vExposiciones. _9108690 |
| 610 | 2 | 7 |
_aAteneo de Madrid- _vExposiciones- _y1960-1969. _91920 |
| 655 | 7 |
_2tgfbne _9193628 _aCatálogos de exposiciones |
|
| 700 | 1 |
_aTeixidor, Joan ( _d1913-1992) _9109541 |
|
| 710 | 2 |
_aAteneo de Madrid. _bSala del Prado. _91965 |
|
| 830 | 0 |
_aCuadernos de arte. Colección ordinaria _v65 _9180064 |
|
| 852 |
_aES-MaACL _j2191-F-11 _bR.136056 _996787 |
||
| 852 |
_aES-MaACL _jG-13296(5) |
||
| 942 | _2udc | ||
| 999 |
_c93374 _d93374 |
||